|
|
|
|
| LEADER |
03360nam a22003853i 4500 |
| 001 |
EBC7101396 |
| 003 |
MiAaPQ |
| 005 |
20240729202204.0 |
| 006 |
m o d | |
| 007 |
cr cnu|||||||| |
| 008 |
240729s2015 xx o ||||0 ger d |
| 020 |
|
|
|a 9783428574810
|q (electronic bk.)
|
| 020 |
|
|
|z 9783428174812
|
| 035 |
|
|
|a (MiAaPQ)EBC7101396
|
| 035 |
|
|
|a (Au-PeEL)EBL7101396
|
| 035 |
|
|
|a (OCoLC)1348491995
|
| 040 |
|
|
|a MiAaPQ
|b eng
|e rda
|e pn
|c MiAaPQ
|d MiAaPQ
|
| 100 |
1 |
|
|a Socialpolitik, Verein für.
|
| 245 |
1 |
0 |
|a Verhandlungen des Vereins Für Sozialpolitik in Regensburg 1919 Zu Den Wirtschaftsbeziehungen Zwischen Dem Deutschen Reiche und Deutsch-Österreich und Zur Sozialisierungsfrage :
|b (Verhandlungen der Generalversammlung in Regensburg, 15. und 16. September 1919). Auf Grund der Stenograph. Niederschrift Hrsg. Vom Vorstande. (Schriften des Vereins Für Sozialpolitik 159).
|
| 250 |
|
|
|a 1st ed.
|
| 264 |
|
1 |
|a Berlin :
|b Duncker & Humblot,
|c 2015.
|
| 264 |
|
4 |
|c {copy}1920.
|
| 300 |
|
|
|a 1 online resource (286 pages)
|
| 336 |
|
|
|a text
|b txt
|2 rdacontent
|
| 337 |
|
|
|a computer
|b c
|2 rdamedia
|
| 338 |
|
|
|a online resource
|b cr
|2 rdacarrier
|
| 490 |
1 |
|
|a Duncker and Humblot Reprints Series
|
| 505 |
0 |
|
|a Intro -- Inhaltsverzeichnis -- Vorbemerkung -- Erste Sitzung. Montag, den 15. September 1919 -- Gedächtnisrede aus Gustav von Schmöller. Von Leinrich Herkner -- Erinnerung an Eugen von Philippovich. Von Dr. Michael Lainisch -- Die wirtschaftlichen Beziehungen zwischen dem Deutschen Reich und Deutsch-Österreich -- Erster Bericht -- Die wirtschaftlichen Beziehungen zwischen dem Deutschen Reich und Deutsch-Österreich -- Zweiter Bericht -- Zweite Sitzung. Dienstag, den 16. September 1919 -- Probleme der Sozialisierung -- Erster Bericht -- Probleme der Sozialisierung -- Zweiter Bericht -- Dritter Bericht. Arten und Stufen der Sozialisierung. Von Franz Eulenburg -- I. Einfluß der Arbeiter auf das Einzelunternehmen: Betriebsräte -- II. Überführung „reifer" Gewerbe in die Hände der Gesamtheit: „Vollsozialisierung -- III. Stärkere Beteiligung der Gesamtheit am Wirtschaftsleben überhaupt: Gemischtwirtschaftliche Unternehmungen -- IV. Änderungen der Wirtschaftsverfassung durch planmäßige Leitung des Ganzen: Gemeinwirtschaft -- V. Vorläufige Zusammenfassung -- Vierter Bericht. Die Probleme der „Sozialisierung". Von Leopold v. Wiese -- Verzeichnis der Redner -- Stimmzettel für die Ausschußwahlen -- Verzeichnis der Mitglieder des Vereins für Sozialpolitik -- Satzungen des Vereins für Sozialpolitik.
|
| 588 |
|
|
|a Description based on publisher supplied metadata and other sources.
|
| 590 |
|
|
|a Electronic reproduction. Ann Arbor, Michigan : ProQuest Ebook Central, 2024. Available via World Wide Web. Access may be limited to ProQuest Ebook Central affiliated libraries.
|
| 655 |
|
4 |
|a Electronic books.
|
| 776 |
0 |
8 |
|i Print version:
|a Socialpolitik, Verein für
|t Verhandlungen des Vereins Für Sozialpolitik in Regensburg 1919 Zu Den Wirtschaftsbeziehungen Zwischen Dem Deutschen Reiche und Deutsch-Österreich und Zur Sozialisierungsfrage
|d Berlin : Duncker & Humblot,c2015
|z 9783428174812
|
| 797 |
2 |
|
|a ProQuest (Firm)
|
| 830 |
|
0 |
|a Duncker and Humblot Reprints Series
|
| 856 |
4 |
0 |
|u https://ebookcentral.proquest.com/lib/matrademy/detail.action?docID=7101396
|z Click to View
|